| 000 | 01214nab a2200217 i 4500 | ||
|---|---|---|---|
| 001 | 768714001 | ||
| 003 | CO-MdFUSB | ||
| 005 | 20240612111506.0 | ||
| 008 | 240612t1960 sp ||||| |||| 00| 0 spa d | ||
| 040 |
_bspa _cCO-MdFUSB _dCO-MdFUSB |
||
| 041 | _aspa | ||
| 100 |
_aArnaldich, Luis, _eautor |
||
| 245 |
_aInfluencias de Qumran en la primitiva comunidad judio-cristiana de Jesrusalén _c/ Luis Arnaldich |
||
| 520 | _aLa importancia que han alcanzado los manuscritos de Qumran, puede medirse por Ia inmensa literatura que, en el espacio de unos años, ha aparecido en torno al tema, en todo el mundo y en todas las lenguas. Estos escritos revisten gran interés en el campo de Ia crítica textual viejo testamentaria, por haberse encontrado en Qumran textos completos o fragmentos de casi todos los libros del A. T., anteriores a Ia unificación de los masoretas. | ||
| 630 | 0 | 0 | _aRollos del Mar Muerto |
| 650 | 7 |
_aHermenéutica _9418 |
|
| 650 | 7 |
_aTeología dogmática _96937 |
|
| 773 | 0 |
_070126 _982750 _dSalamanca, España : _oR2625 _tSalmanticensis _w(CO-MdFUSB)768714001 _gVolumen 7, (fasciculo1, 1960 ) páginas: 3 - 66 _qpágina: 3 |
|
| 942 | _cANA | ||
| 945 | _aCatherine Arias Álvarez - Practicante SENA | ||
| 999 |
_c70155 _d70155 |
||